• 首页
  • 本馆介绍
  • 公告通知
  • 最新文献
  • 馆藏检索
  • 电子资源
  • 读者导购
  • 参考咨询
  • 我的图书馆
  • 登录
  • 详细信息显示
  • 放入我的书架
  • 预约/预借图书
  • 作者相关作品
  • 分类相关作品
  • 丛书相关作品
  • 出版社相关作品

书目信息

  • 表格格式
  • 工作单格式
  • 卡片格式
题名:
遗传的秘密
    
 
作者: 罗兰 编译
分册:  
出版信息: 北京   中国农业机械出版社  1982
页数: 89页
开本: 19cm
丛书名:
单 册:
中图分类: Q3 , Q3-02
科图分类:
主题词: 遗传学 , 遗传学--理论 , 遗传学--方法论
电子资源:
ISBN:
000 00683nam0 2200277 45
001 0182005618
005 20040915095558.0
010    @dCNY0.30
091    @b13216.004
100    @a19950524d1982 em y0chiy0121 ea
101 1  @achi
102    @aCN@b110000
105    @ay z 000yy
106    @ar
200 10 @a遗传的秘密@Ayi chuan de mi mi@f罗兰编译
210    @a北京@c中国农业机械出版社@d1982
215    @a89页@d19cm
606    @a遗传学
606 0  @a遗传学@x理论
606 0  @a遗传学@x方法论
690    @aQ3@v3
690    @aQ3-02@v3
701  0 @a罗兰@Aluo lan@4编译
801  0 @aCN@b上海图书馆@c20040524
801  2 @aCN@bNLC@c20040524
905    @dQ3-02@e12@f1@b73284
    
    遗传的秘密/罗兰编译.-北京:中国农业机械出版社,1982
    89页;19cm
    
    
    ISBN :CNY0.30
    
●
相关链接 在E读中查询图书 在五车中查询图书 在当当中查询图书 在豆瓣中查询图书


正题名:遗传的秘密     索取号:Q3-02/12         预约/预借

序号 登录号 条形码 馆藏地/架位号 状态 备注
1 0073281   000624391   第三借阅区/ [索取号:Q3-02/12] 在馆    
2 0073282   000624408   第三借阅区/ [索取号:Q3-02/12] 在馆    
3 0073283   000624346   第三借阅区/ [索取号:Q3-02/12] 在馆    
4 0073284   001959189   第三借阅区/ [索取号:Q3-02/12] 在馆    
5 0073285   000624382   第三借阅区/ [索取号:Q3-02/12] 在馆    
6 0073286   000624373   第三借阅区/ [索取号:Q3-02/12] 在馆    
7 0073287   000624364   第三借阅区/ [索取号:Q3-02/12] 在馆    
8 0073288   000624355   第二样本阅览室/ [索取号:Q3-02/12] 在馆    
唐山师范学院图书馆 欢迎您!
大连网信软件有限公司© 版权所有